<?xml version="1.0" encoding="UTF-8"?><marc:collection xmlns:marc="http://www.loc.gov/MARC21/slim">
  <marc:record>
    <marc:leader>00000nam  2200000za 4500</marc:leader>
    <marc:controlfield tag="001">9.814205</marc:controlfield>
    <marc:controlfield tag="003">CaOODSP</marc:controlfield>
    <marc:controlfield tag="005">20221107141727</marc:controlfield>
    <marc:controlfield tag="007">cr |||||||||||</marc:controlfield>
    <marc:controlfield tag="008">160404s1998    onc    #ob   f000 0 fre d</marc:controlfield>
    <marc:datafield tag="020" ind1=" " ind2=" ">
      <marc:subfield code="z">0662827422</marc:subfield>
    </marc:datafield>
    <marc:datafield tag="040" ind1=" " ind2=" ">
      <marc:subfield code="a">CaOODSP</marc:subfield>
      <marc:subfield code="b">fre</marc:subfield>
    </marc:datafield>
    <marc:datafield tag="043" ind1=" " ind2=" ">
      <marc:subfield code="a">n-cn---</marc:subfield>
    </marc:datafield>
    <marc:datafield tag="086" ind1="1" ind2=" ">
      <marc:subfield code="a">JS5-1/16-1998F-PDF</marc:subfield>
    </marc:datafield>
    <marc:datafield tag="100" ind1="1" ind2=" ">
      <marc:subfield code="a">Clairmont, Donald H.</marc:subfield>
      <marc:subfield code="q">(Donald Hayden),</marc:subfield>
      <marc:subfield code="d">1938-</marc:subfield>
    </marc:datafield>
    <marc:datafield tag="245" ind1="1" ind2="0">
      <marc:subfield code="a">Élaboration et évaluation de projets en matière de justice dans les collectivités autochtones </marc:subfield>
      <marc:subfield code="h">[ressource électronique] : </marc:subfield>
      <marc:subfield code="b">analyse documentaire / </marc:subfield>
      <marc:subfield code="c">Don Clairmont et Rick Linden. </marc:subfield>
    </marc:datafield>
    <marc:datafield tag="260" ind1=" " ind2=" ">
      <marc:subfield code="a">[Ottawa] : </marc:subfield>
      <marc:subfield code="b">Solliciteur général Canada : </marc:subfield>
      <marc:subfield code="b">Groupe de la politique correctionnelle autochtone, </marc:subfield>
      <marc:subfield code="c">1998. </marc:subfield>
    </marc:datafield>
    <marc:datafield tag="300" ind1=" " ind2=" ">
      <marc:subfield code="a">iii, 87 p. </marc:subfield>
    </marc:datafield>
    <marc:datafield tag="490" ind1="1" ind2=" ">
      <marc:subfield code="a">Collection sur les Autochtones ; </marc:subfield>
      <marc:subfield code="v">CA 16 APC (1998)</marc:subfield>
    </marc:datafield>
    <marc:datafield tag="500" ind1=" " ind2=" ">
      <marc:subfield code="a">Publié aussi en anglais sous le titre: Developing &amp; evaluating justice projects in Aboriginal communities.</marc:subfield>
    </marc:datafield>
    <marc:datafield tag="504" ind1=" " ind2=" ">
      <marc:subfield code="a">Comprend des réf. bibliogr.</marc:subfield>
    </marc:datafield>
    <marc:datafield tag="520" ind1=" " ind2=" ">
      <marc:subfield code="a">« La présente documentation regroupe un ensemble d'écrits – livres, monographies, rapports, articles, manuscrits – intéressant les décideurs politiques, les praticiens, les universitaires et les citoyens qui se préoccupent des questions touchant la justice dans les collectivités autochtones du Canada. Le domaine de la justice est défini en termes très larges et comprend les lois, les pratiques et les procédures judiciaires, le maintien de l’ordre et les affaires correctionnelles. Notre objectif est de fournir au lecteur, lorsque c’est possible, une courte description de chaque ouvrage, en mettant l'accent sur les principales questions abordées dans chacun. Afin d'aider le lecteur, l'analyse documentaire est divisée en deux parties : la partie A, qui regroupe des ouvrages contextuels et théoriques, et la partie B où l'on retrouve des évaluations, des manuels et des programmes. En introduction à la partie A, on retrouve une brève mise en contexte permettant de situer les initiatives en matière de justice applicable aux Autochtones. L'annexe de la partie B fournit une courte liste des principales « leçons », du point de vue de l'auteur, à tirer des initiatives antérieures dans le domaine de la justice. » -- Introduction.</marc:subfield>
    </marc:datafield>
    <marc:datafield tag="692" ind1="0" ind2="7">
      <marc:subfield code="2">gccst</marc:subfield>
      <marc:subfield code="a">Autochtones</marc:subfield>
    </marc:datafield>
    <marc:datafield tag="692" ind1="0" ind2="7">
      <marc:subfield code="2">gccst</marc:subfield>
      <marc:subfield code="a">Justice pénale</marc:subfield>
    </marc:datafield>
    <marc:datafield tag="710" ind1="1" ind2=" ">
      <marc:subfield code="a">Canada. </marc:subfield>
      <marc:subfield code="b">Solliciteur général Canada.</marc:subfield>
    </marc:datafield>
    <marc:datafield tag="710" ind1="1" ind2=" ">
      <marc:subfield code="a">Canada. </marc:subfield>
      <marc:subfield code="b">Groupe de la politique correctionnelle autochtone.</marc:subfield>
    </marc:datafield>
    <marc:datafield tag="775" ind1="0" ind2="8">
      <marc:subfield code="t">Developing &amp; evaluating justice projects in Aboriginal communities </marc:subfield>
      <marc:subfield code="w">(CaOODSP)9.814195</marc:subfield>
    </marc:datafield>
    <marc:datafield tag="830" ind1="#" ind2="0">
      <marc:subfield code="a">Collection sur les autochtones ;</marc:subfield>
      <marc:subfield code="v">CA 16 APC (1998).</marc:subfield>
      <marc:subfield code="w">(CaOODSP)9.501991</marc:subfield>
    </marc:datafield>
    <marc:datafield tag="856" ind1="4" ind2="0">
      <marc:subfield code="q">PDF</marc:subfield>
      <marc:subfield code="s">351 Ko</marc:subfield>
      <marc:subfield code="u">https://publications.gc.ca/collections/collection_2016/jus/JS5-1-16-1998-fra.pdf</marc:subfield>
    </marc:datafield>
  </marc:record>
</marc:collection>
